Svet na ceste k multipolárnej moci

K trendom vývoja medzinárodných vzťahov v tomto storočí patrí vytváranie multipolárneho usporiadania moci. Pôsobí v nich veľa aktérov a ovplyvňuje ich mnoho faktorov, takže nemajú priamočiary ani symetrický charakter, presadzujú sa protirečivo, čo komplikuje ich interpretáciu. Autor sa zameriava na...

Descripción completa

Guardado en:
Detalles Bibliográficos
Autor principal: Škvrnda, František
Formato: Capítulo de libro
Lenguaje:eslovaco
Materias:
Etiquetas: Agregar Etiqueta
Sin Etiquetas, Sea el primero en etiquetar este registro!

MARC

LEADER 00000naa$a2200000$$$4500
001 0248390
005 20240502073956.1
041 0 |a slo 
044 |a SK 
245 1 0 |a Svet na ceste k multipolárnej moci  |c František Škvrnda 
520 |a K trendom vývoja medzinárodných vzťahov v tomto storočí patrí vytváranie multipolárneho usporiadania moci. Pôsobí v nich veľa aktérov a ovplyvňuje ich mnoho faktorov, takže nemajú priamočiary ani symetrický charakter, presadzujú sa protirečivo, čo komplikuje ich interpretáciu. Autor sa zameriava na tú interpretáciu, ktorá v nich vidí predovšetkým úpadok dominancie USA a Západu. 
610 2 0 |a vzťahy medzinárodné 
610 2 0 |a bezpečnosť medzinárodná 
610 2 0 |a politika svetová 
610 2 0 |a moc politická 
610 2 0 |a USA 
610 2 0 |a Európa 
610 2 0 |a Rusko 
610 2 0 |a Čína 
100 1 |a Škvrnda, František